Machines agricoles - Statistiques

Statistiques générales
  • Ce quiz a été pris 329 fois
  • Le résultat moyen est 10 sur 19
Statistiques - réponses
Par images Hint Réponse % Correct
Tracteur
89%
manutention Téléscopique
71%
travail de la terre Charrue
69%
récolte fourrage Ensileuse automotrice
67%
transport Benne
66%
Semoir
65%
Faucheuse
61%
fertilisation Pulvérisateur
58%
fertilisation Epandeur à fumier
56%
récolte de céréales Moissonneuse batteuse
56%
foin Andaineur
49%
séchage de l'herbe Faneuse
49%
fertilisation Epandeur à engrais
48%
fertilisant liquide Tonne à lisier
48%
Mélangeuse
32%
Faucheuse conditionneuse
25%
broyage Girobroyeur
18%
foin ou paille Presse à balles rondes
16%
travail de la terre Déchaumeur à disques
9%
Aucun quiz correspondant
Distribution des résultats
% des personnes avec chaque résultat
Percentile par nombre de réponses
Votre historique - résultats
Vous n’avez pas pris ce quiz